000 00757nam a22002417a 4500
999 _c6001
_d6001
003 AR-CdUCM
008 190313b ||||| |||| 00| 0 spa d
020 _a84-8280-173-2
040 _aMUNICIPALIDAD PROVINCIAL DEL CUSCO
_cBIBLIOTECA MUNICIPAL DEL CUSCO
082 _a868.38 /
_bM81
100 _aDe Molina, Tirso
_93538
245 _aEl Burlador de Sevilla :
_bEl Vergonzoso en Palacio /
260 _aBogota :
_bLa Oveja Negra,
_c1984.
300 _a269 paginas ;
_c18cm.
440 _aHistoria Universal de la Literatura
_n73
_917570
650 _aTeatro EspaƱol
_9648
650 _aEdad de Oro
_9870
650 _aLiteratura
_983
700 _aPrieto, Antonio
_917491
700 _aLa Piadosa, Marta
_917571
942 _2ddc
_cLIBROS
945 _apjha